Building performance feedback (Record no. 104098)

MARC details
000 -LEADER
fixed length control field 01340cam a2200313 4500
008 - FIXED-LENGTH DATA ELEMENTS--GENERAL INFORMATION
fixed length control field 050317n2003 000 0 eng u
020 ## - INTERNATIONAL STANDARD BOOK NUMBER
International Standard Book Number 1860816274
035 ## - SYSTEM CONTROL NUMBER
System control number (Sirsi) u129089
041 ## - LANGUAGE CODE
Language code of text/sound track or separate title eng
050 ## - LIBRARY OF CONGRESS CALL NUMBER
Classification number 690
-- 18
100 ## - MAIN ENTRY--PERSONAL NAME
Personal name Jaunzens, D.
245 ## - TITLE STATEMENT
Title Building performance feedback
Remainder of title getting started
260 ## - PUBLICATION, DISTRIBUTION, ETC.
Place of publication, distribution, etc. Watford
Name of publisher, distributor, etc. BRE
Date of publication, distribution, etc. 2003
300 ## - PHYSICAL DESCRIPTION
Extent 12p.
Dimensions 30cm.
350 ## - PRICE (NR) (BK AM CF MU VM SE) [OBSOLETE]
Price 12
490 ## - SERIES STATEMENT
Series statement BRE Digest
Volume/sequential designation 478
520 ## - SUMMARY, ETC.
Summary, etc. This digest encourages the use of Post Occupancy Evaluation (POE) as part of a process of continuous improvement in building performance. It introduces a strategic method of POE specifically tailored to the first 12 months of a building's occupancy and discusses how this method may be used within a project. The early stage POE method is presented in tabular form; a fully formatted Microsoft Excel version can be freely downloaded from the BRE website at www.projects.bre.co.uk/earlypoe.
650 ## - SUBJECT ADDED ENTRY--TOPICAL TERM
Topical term or geographic name entry element POST-OCCUPANCY EVALUATION
650 ## - SUBJECT ADDED ENTRY--TOPICAL TERM
Topical term or geographic name entry element MANAGEMENT-PROJECT MANAGEMENT
650 ## - SUBJECT ADDED ENTRY--TOPICAL TERM
Topical term or geographic name entry element BUILDING PERFORMANCE
690 ## - LOCAL SUBJECT ADDED ENTRY--TOPICAL TERM (OCLC, RLIN)
Topical term or geographic name as entry element BUILDING AND CONSTRUCTION-MANAGEMENT
700 ## - ADDED ENTRY--PERSONAL NAME
Personal name Grigg, P.
700 ## - ADDED ENTRY--PERSONAL NAME
Personal name Cohen, R.
700 ## - ADDED ENTRY--PERSONAL NAME
Personal name Watson, M.
700 ## - ADDED ENTRY--PERSONAL NAME
Personal name Picton, E.
710 ## - ADDED ENTRY--CORPORATE NAME
Corporate name or jurisdiction name as entry element Building Research Establishment
710 ## - ADDED ENTRY--CORPORATE NAME
Corporate name or jurisdiction name as entry element United Kingdom
Subordinate unit Department of Trade and Industry
942 ## - ADDED ENTRY ELEMENTS (KOHA)
Suppress in OPAC 0
Holdings
Withdrawn status Lost status Source of classification or shelving scheme Damaged status Not for loan Home library Current library Shelving location Date acquired Total Checkouts Full call number Barcode Date last seen Copy number Price effective from Koha item type
    Dewey Decimal Classification     London London BRE publications 17/03/2005   ENQUIRY DESK 30069801 06/08/2019 1 06/08/2019 Book